000 01078nam a2200229Ia 4500
999 _c40188
_d40188
001 6795
003 GE_BSU
005 20200109103559.0
008 181216s1969||||g |||||||||||||| ||g ||
040 _cGE_BSU
041 _ageo
080 _a82-93 გ-59
100 _aგოგიაშვილი, კუკური.
_96026
245 _aვიტვიტა და ბათურა :
_bზღაპრები და იგავები /
_cკუკური გოგიაშვილი ; რედ. ე. კუბლაშვილი ; მხატვ. ზ. მეზმარიაშვილი.
264 _aთბილისი :
_bნაკადული,
_c1969.
300 _a43 გვ. :
_bილ. ;
_c21 სმ.
653 _aვიტვიტა და ბათურა
653 _aზღაპრები და იგავები
700 _aკუბლაშვილი, ე.
_eრედაქტორი
_96027
700 _aმეზმარიაშვილი, ზ.
_eმხატვარი
_96028
942 _cBK
_2udc